| 000 | 01013nam a2200241 4500 | ||
|---|---|---|---|
| 999 |
_c3819 _d3819 |
||
| 008 | 160811b xxu||||| |||| 00| 0 eng d | ||
| 022 | _a01153153 | ||
| 082 | _aDPer 150.5 P53 June-Dec 2014 v. 47 n. 1 & 2 | ||
| 100 |
_912704 _aGatchalian, Edelyn Marie C. |
||
| 243 | _aPhilippine journal of psychology | ||
| 245 |
_aDimensions of Filipino employers' attitudes in hiring persons with disability/ _cEdelyn Marie C. Gatchalian [and six others]. |
||
| 260 |
_aQuezon City: _bPsychological Association of the Philippines, _c©2014. |
||
| 300 |
_av47 n2, pages 27-64; _c24 cm. |
||
| 500 | _aPhilippine Journal of Psychology | ||
| 650 | 0 |
_912705 _aEmployment |
|
| 700 |
_940910 _aBulahao, James Peign N. _eAuthor. |
||
| 700 |
_940911 _aBoyayao, Filam Grace. _eAuthor. |
||
| 700 |
_940912 _aCataina, Michelle M. _eAuthor. |
||
| 700 |
_940913 _aCumilang, Janice S. _eAuthor. |
||
| 700 |
_940914 _aDulnuan, Jovie Ann G. _eAuthor. |
||
| 700 |
_940915 _aSalaguban, Patricia Paola. _eAuthor. |
||
| 942 |
_2ddc _cPER |
||